| 000 | 01457pam a2200397 a 4500 | ||
|---|---|---|---|
| 001 | 3073049 | ||
| 003 | OSt | ||
| 005 | 20140310181722.0 | ||
| 008 | 971120r19981996nyua b 001 0 eng | ||
| 010 | _a 97044007 | ||
| 020 | _a0805056688 | ||
| 040 |
_aDLC _cDLC _dDLC |
||
| 050 | 0 | 0 |
_aHC 430.F3 _bB33 1998 |
| 082 | 0 | 0 |
_aIB 363.80951 _bB38 1998 |
| 100 | 1 | _aBecker, Jasper. | |
| 245 | 1 | 0 |
_aHungry ghosts : _bMao's secret famine / _cJasper Becker. |
| 250 | _a1st Owl Books ed. | ||
| 260 |
_aNew York : _bHenry Holt, _c1998. |
||
| 300 |
_axiii, 380 p. : _bill. ; _c24 cm. |
||
| 500 | _a"An Owl book." | ||
| 500 | _aOriginally published: New York : The Free Press, c1996. With some corrections made. | ||
| 504 | _aIncludes bibliographical references (p. [345]-366) and index. | ||
| 521 |
_aCollege student _blexile |
||
| 526 | _c1210L to 1700L | ||
| 541 | _j1 | ||
| 562 | _e1 | ||
| 600 | 1 | 0 |
_aMao, Zedong, _d1893-1976. |
| 650 | 0 |
_aFamines _zChina. |
|
| 650 | 0 |
_aFood supply _zChina. |
|
| 856 | 4 | 2 |
_3Contributor biographical information _uhttp://www.loc.gov/catdir/bios/hol056/97044007.html |
| 856 | 4 | 2 |
_3Publisher description _uhttp://www.loc.gov/catdir/description/hol055/97044007.html |
| 906 |
_a7 _bcbc _corignew _d1 _eocip _f19 _gy-gencatlg |
||
| 942 |
_2lcc _cIB _kIB |
||
| 987 |
_aPINYIN _bDLC _c20020626 _dc |
||
| 999 |
_c2020 _d2020 |
||